Organic Chemistry : (Record no. 36200)

MARC details
000 -LEADER
fixed length control field 00517nam a22001817a 4500
005 - DATE AND TIME OF LATEST TRANSACTION
control field 20240724092426.0
008 - FIXED-LENGTH DATA ELEMENTS--GENERAL INFORMATION
fixed length control field 240724b |||||||| |||| 00| 0 eng d
020 ## - INTERNATIONAL STANDARD BOOK NUMBER
ISBN 9788177585414
082 ## - DEWEY DECIMAL CLASSIFICATION NUMBER
Classification number 547
Item number FIN-O
100 ## - MAIN ENTRY--AUTHOR
Author Name Finar I.L
245 ## - TITLE STATEMENT
Title Organic Chemistry :
Remainder of title Stereochemistry and the Chemistry Natural Products /
Statement of responsibility, etc. Finar I.L
260 ## - PUBLICATION, DISTRIBUTION, ETC.
Place of Publication India :
Name of publisher, distributor, etc. Pearson;
Date of publication, distribution, etc. 2013
300 ## - PHYSICAL DESCRIPTION
Pages 956p.
490 ## - SERIES STATEMENT
Volume vol 2
500 ## - GENERAL NOTE
General note include index .
650 ## - SUBJECT ADDED ENTRY--TOPICAL TERM
Subject / Department Medical / Organic Chemistry
300 ## - PHYSICAL DESCRIPTION
-- ill;
-- 24 cm.
952 ## - LOCATION AND ITEM INFORMATION (KOHA)
-- 0
-- 0
952 ## - LOCATION AND ITEM INFORMATION (KOHA)
-- 0
-- 0
952 ## - LOCATION AND ITEM INFORMATION (KOHA)
-- 0
-- 0
952 ## - LOCATION AND ITEM INFORMATION (KOHA)
-- 0
-- 0
952 ## - LOCATION AND ITEM INFORMATION (KOHA)
-- 0
-- 0
952 ## - LOCATION AND ITEM INFORMATION (KOHA)
-- 0
-- 0
952 ## - LOCATION AND ITEM INFORMATION (KOHA)
-- 0
-- 0
952 ## - LOCATION AND ITEM INFORMATION (KOHA)
-- 0
-- 0
952 ## - LOCATION AND ITEM INFORMATION (KOHA)
-- 0
-- 0
952 ## - LOCATION AND ITEM INFORMATION (KOHA)
-- 0
-- 0
Holdings
Lost status Damaged status Collection code Permanent Location Current Location Shelving Location Date acquired Full Call Number Accession No./Barcode Date last seen Copy number item type Koha item type
    Medical Superior Information Resource Center (SIRC) Superior University- Main Campus Superior Information Resource Center (SIRC) Superior University- Main Campus Chemistry 07/24/2024 547 FIN-O 2013 15957 07/24/2024 1 BOOK BOOK
    Medical Superior Information Resource Center (SIRC) Superior University- Main Campus Superior Information Resource Center (SIRC) Superior University- Main Campus Chemistry 07/24/2024 547 FIN-O 2013 15958 07/24/2024 2 BOOK BOOK
    Medical Superior Information Resource Center (SIRC) Superior University- Main Campus Superior Information Resource Center (SIRC) Superior University- Main Campus Chemistry 07/24/2024 547 FIN-O 2013 15959 07/24/2024 3 BOOK BOOK
    Medical Superior Information Resource Center (SIRC) Superior University- Main Campus Superior Information Resource Center (SIRC) Superior University- Main Campus Chemistry 07/24/2024 547 FIN-O 2013 15960 07/24/2024 4 BOOK BOOK
    Medical Superior Information Resource Center (SIRC) Superior University- Main Campus Superior Information Resource Center (SIRC) Superior University- Main Campus Chemistry 07/24/2024 547 FIN-O 2013 15961 07/24/2024 5 BOOK BOOK
    Medical Superior Information Resource Center (SIRC) Superior University- Main Campus Superior Information Resource Center (SIRC) Superior University- Main Campus Chemistry 07/24/2024 547 FIN-O 2013 15962 07/24/2024 6 BOOK BOOK
    Medical Superior Information Resource Center (SIRC) Superior University- Main Campus Superior Information Resource Center (SIRC) Superior University- Main Campus Chemistry 07/24/2024 547 FIN-O 2013 15963 07/24/2024 7 BOOK BOOK
    Medical Superior Information Resource Center (SIRC) Superior University- Main Campus Superior Information Resource Center (SIRC) Superior University- Main Campus Chemistry 07/24/2024 547 FIN-O 2013 15964 07/24/2024 8 BOOK BOOK
    Medical Superior Information Resource Center (SIRC) Superior University- Main Campus Superior Information Resource Center (SIRC) Superior University- Main Campus Chemistry 07/24/2024 547 FIN-O 2013 15965 07/24/2024 9 BOOK BOOK
    Medical Superior Information Resource Center (SIRC) Superior University- Main Campus Superior Information Resource Center (SIRC) Superior University- Main Campus Chemistry 07/24/2024 547 FIN-O 2013 15966 07/24/2024 10 BOOK BOOK

Powered by Koha